Statistics for Europe in 1500

Click here to take the quiz!

General Stats

  • This quiz has been taken 38 times
  • The average score is 12 of 16

Answer Stats

Territories in modern day...Answer% Correct
UKEngland
94%
Spain, AndorraSpain
94%
DenmarkDenmark
89%
France, Belgium, Netherlands, Italy, Switzerland, Germany, Luxembourg, Liechtenstein, Austria, Czechia, Poland, Slovenia, Slovakia, Croatia, Romania, MontenegroHoly Roman Empire
89%
PortugalPortugal
89%
Sweden, FinlandSweden
89%
France, Monaco, AndorraFrance
86%
UKScotland
86%
Ireland, UKIreland
78%
Norway, SwedenNorway
75%
Greece, Albania, Romania, Kosovo, Serbia, Bulgaria, Turkey, North Macedonia, Montenegro, Bosnia and Herzegovina, Lithuania, Latvia, EstoniaOttoman Empire
75%
Italy, Romania, Bulgaria, Moldova, Vatican City, San MarinoPapal States
64%
Italy, Slovenia, Croatia, Poland, Belarus, Ukraine, Russia, LithuaniaNaples
58%
Croatia, Bosnia and Herzegovina, Ukraine, Moldova, Romania, Serbia, Kosovo, Poland, SlovakiaHungary
53%
ItalySicily
50%
ItalySardinia
31%

Score Distribution

Percentile by Number Answered

Percent of People with Each Score

Your Score History

You have not taken this quiz